000 00212 a2200097 4500
001 14387
100 _aHoglen, L
245 _aScience in authority
260 _aLondon
_bUnwin univ book
_c
090 _c11280
_d11280
942 _aNUST-CAE
_cM
_c1426
999 _c249460
_d249460